ბათუმის შოთა რუსთაველის სახელმწიფო უნივერსიტეტის ბიბლიოთეკა

ივანე ჯავახიშვილი-140 : შრომები : "მარადისობის გზა / (ბიბ.ჩანაწერი № 54661)

000 -ლიდერი
ფიქსირებული სიგრძის საკონტროლო ველი 01223nam a2200277Ia 4500
001 - საკონტროლო ნომერი
საკონტროლო ველი 21728
003 - საკონტროლო ნომრის იდენტიფიკატორი
საკონტროლო ველი GE_BSU
005 - ბოლო ოპერაციის თარიღი და დრო
საკონტროლო ველი 20220125162845.0
008 - ფიქსირებული სიგრძის მონაცემთა ელემენტები - ზოგადი ინფორმაცია
ფიქსირებული სიგრძის საკონტროლო ველი 181216s ||||ge |||||||||||||| ||geo||
020 ## - წიგნის საერთაშორისო სტანდარტული ნომერი
International Standard Book Number 9789941276248
040 ## - კატალოგიზაციის წყარო
Transcribing agency GE_BSU
041 ## - ენის კოდი
Language code of text/sound track or separate title geo
080 ## - უნივერსალური ათობითი კლასიფიკაციის ინდექსი
Universal Decimal Classification number 94(063) ი-37
245 ## - ცნობა სათაურის შესახებ
Title ივანე ჯავახიშვილი-140 : შრომები : "მარადისობის გზა /
Statement of responsibility, etc რედ. : ნ. ხაზარაძე, ქ. ახობაძე.
264 ## - წარმოების, გამოცემის, დისტრიბუციის და სხვა ცნობები
გამოცემის, წარმოების, დისტრიბუციის... ადგილი თბილისი :
გამოცემის, წარმოების, დისტრიბუციის... სახელწოდება საქ. მეცნ. აკად. გამ-ბა,
გამოცემის, წარმოების, დისტრიბუციის... თარიღი 2017.
300 ## - ფიზიკური აღწერა
Extent 268 გვ. :
Other physical details ილ. ;
Dimensions 30 სმ.
500 ## - ზოგადი შენიშვნა
General note პარალელური სათაური ინგლისურ ენაზე
653 ## - INDEX TERM--UNCONTROLLED
Uncontrolled term ივანე ჯავახიშვილი-140
653 ## - INDEX TERM--UNCONTROLLED
Uncontrolled term შრომები
653 ## - INDEX TERM--UNCONTROLLED
Uncontrolled term "მარადისობის გზა"
653 ## - INDEX TERM--UNCONTROLLED
Uncontrolled term ქართველი ისტორიკოსები
700 ## - ADDED ENTRY--PERSONAL NAME
Personal name ხაზარაძე, ნ.
Relator term რედაქტორი
9 (RLIN) 13451
700 ## - ADDED ENTRY--PERSONAL NAME
Personal name ახობაძე, ქ.
Relator term რედაქტორი
9 (RLIN) 13452
942 ## - ADDED ENTRY ELEMENTS (KOHA)
Koha item type წიგნი
Source of classification or shelving scheme
ეგზემპლარები
ჩამოწერის სტატუსი დაკარგული ეგზემპლარის სტატუსი კლასიფიკაციის წყარო ან თაროზე გაწყობის სქემა დაზიანების სტატუსი არ გაიცემა მუდმივი მდებარეობა (დაცვის ადგილი) ამჟამინდელი ადგილსამყოფელი თაროზე განთავსების ადგილი შეძენის თარიღი ღირებულება, შესყიდვის ნორმალური ფასი სრული შენახვის შიფრი შტრიხკოდი ბოლო ოპერაციის თარიღი ეგზემპლარის მიმდევრობითი ნომერი (კეტერი?) ფასის ძალაში შესვლის თარიღი ეგზემპლარის სახეობა საჯარო შენიშვნა
          ბათუმის შოთა რუსთაველის სახელმწიფო უნივერსიტეტის მთავარი ბიბლიოთეკა ბათუმის შოთა რუსთაველის სახელმწიფო უნივერსიტეტის მთავარი ბიბლიოთეკა წიგნსაცავი 2018-12-17 10.00 94(063) ი-37 55939 2018-12-17 55939 2018-12-17 წიგნი 10.00 ₾.